000 00486nam a2200169Ia 4500
008 240729s9999 xx 000 0 und d
022 _a1755-263X
245 0 _aConservation Letters
260 _aUnited States
260 _bWiley
650 _a General. Including nature conservation, geographical distribution
650 _a Natural history (General)
650 _aScience
856 _uhttps://doaj.org/toc/6132bf06207f49ddbdd9743ed8160540
942 _2ddc
942 _cDOAJEJ
999 _c72646
_d72646
945 _a1
_bMadushi Gamage
_c1
_dMadushi Gamage